Quizzes
Events
Quiz Creation
Community
Videos
Private Events
Remove Ads
Sign In
Join for FREE
Feedback
Dark Mode
Quiz Categories
Sports
Geography
Music
Movies
Television
Just For Fun
Miscellaneous
History
Literature
Language
Science
Gaming
Entertainment
Religion
Holiday
For Kids
Quiz Lab
Recent
Popular Today
Quiz Kudos Today
Editor Picks
Curator Picks
Quizzes by...
Day
Popularity
Type
Ratings
Length
Year
Community
Subscriptions
Recent Discussions
Orange Saloon
Badges
Playlists
Quests
Create
Leaderboards
Showdown
Live 5
Trivia Bingo
Activity
Puzzle Library
Sporcle Events
Private Events
Virtual Trivia
Globe League
Become a Host
Pub Owners
SporcleCon
Opinionation
Our Games
Videos
Blog
Mobile Apps
Partnerships
Remove Ads and Go Orange
Feedback
Television
TV Characters
TV Show
Sitcom
Network
Friends
Reality Shows
Cast
South Park
Star Trek
The Simpsons
Doctor Who
Television
TV Characters
TV Show
Sitcom
Network
Friends
Reality Shows
Cast
South Park
Star Trek
The Simpsons
Doctor Who
Random Quiz
Search Sporcle
×
Quiz Lab
Quiz Lab
Television
description
Type in answers that appear in a list
Type in answers that appear in a list
Classic
Best Score? Go Orange.
'My' Scrubs Characters by description Stats
Can you name the Scrubs Characters by description?
By
happywheels2012
5m
26 Questions
248 Plays
248 Plays
248 Plays
Comments
Comments
Give Quiz Kudos
Give Quiz Kudos
-
- Ratings
hide this ad
More Info
Random Order
Randomize order of answers
Randomize order of answers
Replay
Link that replays current quiz
Next Quiz
Link to next quiz in quiz playlist
You Got
0%
They Got
Avg Score
73%
Avg Friend Score
Upgrade to see
Score Distribution
Jump to the score distribution portion of the page
Score
0/26
Timer
05:00
0
Plays Today
Hint
Character
% Correct
Chief of Medicine, Has 'Johnny' tattooed on his butt
Kelso
95.6%
Surgeon, J.D's best friend and roommate
Turk
94.4%
'The hospitals sad sack.' The hospitals lawyer
Ted Buckland
94%
Constantly torments J.D
Janitor
92.7%
Turk's wife, nurse
Carla
92.7%
J.D's attending, who calls him girls names, but always cares for him and looks after him
Dr. Cox
92.4%
Surgeon, has DOC tattooed on his arm, makes many sexual jokes at the hospital
The Todd
92.3%
Marries J.D, 'anal and neurotic' female doctor
Elliot
91.9%
Main Character, Often fantasizes
J.D
91.5%
'Married' to Dr. Cox
Jordan Sullivan
90.7%
Dies of Car Accident. Very religious
Laverne Roberts
86.7%
Elliot's booty call who she almost married
Keith
85.5%
Had J.D's child
Kim
80.6%
Hint
Character
% Correct
Most of his patients die under his care. Due to this, he becomes a pathologist. 'Pee Pants'
Doug Murphy
80.6%
Jordan's Brother. Died of leukemia in season 3
Ben Sullivan
78.2%
J.D's brother, bartender
Dan
77.4%
J.D's son
Sam
73.4%
Blonde doctor who is in seasons 8-
9, who likes fat guys
Denise
66.5%
J.D's favorite intern who ends up working at Coffee Bucks
Cabbage
66.5%
Chief of Surgery
Dr. Wen
56%
Security guard with a hook for a hand
Leonard
50%
Main Character in season 9
Lucy
48.8%
Portrayed by Masi Oka. Dr. Cox broke his lab equipment during a major freak out
Franklin
41.9%
Doctor played by Michael J Fox and has severe OCD
Kevin Casey
39.9%
Referred to as Colonel Doctor
Coleman Slawski
31.9%
An 'admittedly frugal hypochondriac' who 'practically lives' at Sacred Heart
Harvey Corman
22.2%
Quiz Playlist
Details
Report
Send in Message
Add To Playlist
More Info:
Comment on the quiz to help me improve the descriptions and possibly add characters to the quiz.
Classic:
Type in answers that appear in a list
Random Order:
Randomize order of answers
Last Updated: Feb 16, 2017
Quiz Scoreboard
CHALLENGE
Sign Up to Join the Scoreboard
Show All
Scores
Hide
Comments
May contain spoilers
Recently Published
Alphabetical 'K' Countries by Flag Minefield
by ylime102
Geography
3m
Pick 6: Fruits
by JohnFran
Miscellaneous
15s
Click the 1999 NBA Draft
by nibperrychub
Sports
2m
More to Explore
Quiz From the Vault
Featured Blog Post
15 Basketball Trivia Facts You Can Be March Mad About
hide this ad
You Might Also Like...
Tags
Character
description
JD Scrubs
scrub
Scrubs
Today's Top Quizzes in Television
Browse Television
hide this ad
Today's Top Quizzes in description
Browse description
Top Contributed Quizzes in Television
1
Hidden Simpsons Character
2
First Name TV: Leading Men
3
Hidden Simpsons Character XXIV
4
First Name TV: Leading Women Drama
5
Pick A Pair: Religious TV
6
Hidden Simpsons Character XXV
7
Hidden Simpsons Character XXVI
8
Demon Slayer Impossible Quiz
9
Hidden Simpsons Character II
10
One Piece Logic Puzzle
Explore More
Trending Topics
Crossword
Kpop
Anime
NBA
Harry Potter
Disney
Marvel
Soccer
Pokémon
Song
The Office
NFL
Puzzle
WWE
Country
hide this ad
More By:
happywheels2012
Quiz
Plays
Rating
Category
Featured
Created
'My' Scrubs Characters by description
248
3.00
Television
Jul 12, 2012
The Office Trivia
233
2.50
Television
Jul 11, 2012
The One with the Friends Trivia
209
3.83
Television
Jul 13, 2012
Go to Creator's Profile
Score Distribution
Quiz Creator Spotlight
happywheels2012
Follow
Send a Message
Quizzes Created
-
Created Quiz Play Count
-
More By This Creator
Popular Quizzes Today
1
Countries of Asia Without Outlines Minefield
2
Find the US States - No Outlines Minefield
3
Pick 6: Fruits
4
Alphabetical 'K' Countries by Flag Minefield
5
The Countries of the World
6
Find the US States
7
US States
8
Find the Countries of Europe - No Outlines Minefield
More Television Quizzes
The 100 Character Map Blitz (Season 5)
Quiz Lab
Trending Quizzes
Pick 6: Mountains
Pick 6: Harry Potter
Pick 6: Flags
Pick 6: NFL Teams
Pick 6: Movie Franchises
Recently Updated
NWSL Teams
pecheneg
Women's Final Four Teams by Year
bhenderson79
Presidents Quartet II
eogle
Anything But Clue(do)
eogle
Anything But Oceanian Capitals
eogle
Anything But 7
eogle
Anything But Thing
eogle
Word Ladder: February 29
pecheneg
Song Title Questions
pecheneg
Women's NCAA Tournament #1 Seeds
pecheneg
Trending Topics
Marvel
NBA
Anime
Kpop
Harry Potter
Crossword
Disney
Country
WWE
The Office
Song
Pokémon
Puzzle
Soccer
NFL
Your Account Isn't Verified!
In order to create a playlist on Sporcle, you need to verify the email address you used during registration. Go to your
Sporcle Settings
to finish the process.
Report this User
Report this user for behavior that violates our
Community Guidelines
.
Details:
Send Report
Go to the Sporcle.com Mobile Site →
Comments